000 00445nam a2200157Ia 4500
008 210716s2003 xx 000 0 und d
020 _a0074517805
041 _aeng
082 _a659.1 MOHM
100 _aMohan, Manendra.
245 _aAdvertising management: concepts and cases.
_bConcepts and cases.
250 _a1
260 _aNew Delhi
_bTata McGraw Hill Publishing Company Ltd
_c2003
300 _axi,418/2007
650 _aAdvertising
999 _c202163
_d202163